000 00980nam2a2200205 4500
001 RU\NLR\PER_A\002523976_001090
005 20250624051148.0
035 _a(NLR Aleph) 012495410
090 _a12201245
_c12201245
100 _a20210405d2020 |||y0rusy50 ca
101 0 _arus
102 _aRU
200 0 _a2020, № 4
210 _d2020
_aБ. м.
461 0 _1001RU\NLR\INFOCOMM19\1000062179
_12001#$aВестник Международной академии холода$dBulletin of the International academy of refrigeration$eНауч.-теорет. журн.$zeng$v2020, № 4
_92788959
_aМеждународная академия холода (Санкт-Петербург)
_cСПб.
_d1998 -
_lBulletin of the International academy of refrigeration
_nБ. и.
_oНауч.-теорет. журн.
_tВестник Международной академии холода
_v2020, № 4
852 _aNLR
_jП11/4168
942 _cISSUE
980 _aNB
980 _aRUSPER